00693nam a2200241 a 4500001001300000003000900013005001700022008004100039020000900080082001600089100001500105245002500120260004600145300000800191500003500199505001100234650003200245700001500277902000800292942000700300952012700307999001700434nice12345678IN_TiNIC20260116013636.0050524s1992 mada grp 000 0 eng  ac9500a954.87bYAZ aYazdani, G aAntiquities of Bidar aMadrasbAsian Educational Services c1992 a28p aincludes index and biblioraphy2 aPlates aBidar-History and Monuments1 aYazdani, G bSRS cBK 001040708StackRoom-aHMIbHMId2010-01-28g95.00l1o954.87 YAZp016243r2019-07-09s2019-07-05v95.00w2005-05-24yBK c11772d11772